| 000 | 00348nam a22001457a 4500 | ||
|---|---|---|---|
| 008 | 210526b ||||| |||| 00| 0 eng d | ||
| 020 | _ax001u0j4on | ||
| 041 | _aeng | ||
| 080 |
_212th _a339.138 |
||
| 082 | _a339.138 | ||
| 100 | _a61 | ||
| 101 | _aMAR | ||
| 245 |
_aConsumer Behavior Building Marketing Strategy _cHawkins,D.I |
||
| 942 |
_2udc _cBK |
||
| 999 |
_c57632 _d57632 |
||